000 00873nam a22002417a 4500
005 20100724152824.0
010 _aENG-96638
020 _a9780070700734
_c485.00
020 _a0070700737
_c485.00
035 _aEN-80171
037 _bDBAD/PUB
082 _a658.3
100 _aCascio, Wayne F.
_91301
245 _aManaging human resources :
_bproductivity, quality of work like, profits /
_cby Wayne F. Cascio [and] Ranjeet Nambudiri
250 _a3rd ed
260 _aNew Delhi
_bTata McGraw Hill Education
_c2010
270 _a7 West Patel Nagar,
_bNew Delhi
_e110008
300 _axixx, 698p.
_bill.
_c24cm, (pbk)
500 _aincludes index
700 _aNambudiri, Ranjeet
_91302
942 _2ddc
_cEN
_mCAS
_h658.3
999 _c37592
_d37592